| 000 | 00676nam a22001817a 4500 | ||
|---|---|---|---|
| 005 | 20251108164054.0 | ||
| 008 | 250721s1999 xx 000 0 ara d | ||
| 082 | 1 | 4 | _a324.209565/مصا |
| 100 | 1 | _aالمصالحة، محمد | |
| 245 | 1 | 0 |
_aالتجربة الحزبية السياسية في الأردن : _bدراسة تحليلية - مقارنة بين تجربتي الخمسينات و التسعينات / |
| 264 | 1 |
_aعمان : _bدار وائل للطباعة، _c1999. |
|
| 650 | 1 | 7 | _aالأحزاب السياسية |
| 650 | 1 | 7 | _aالأردن |
| 650 | 1 | 7 | _aالإنتماء السياسي |
| 650 | 1 | 7 | _aالسياسيون |
| 942 |
_2ddc _cBK |
||
| 999 |
_c2897 _d2897 |
||